Comportamiento Organizacional (Record no. 30048)

MARC details
000 -LEADER
fixed length control field 01034nam a22002297a 4500
005 - DATE AND TIME OF LATEST TRANSACTION
control field 20260226113216.0
008 - FIXED-LENGTH DATA ELEMENTS--GENERAL INFORMATION
fixed length control field 260226b mx ||||| |||| 00| 0 spa d
020 ## - INTERNATIONAL STANDARD BOOK NUMBER
International Standard Book Number 9701702360
050 04 - LIBRARY OF CONGRESS CALL NUMBER
Classification number HD58.7
Item number R63 1999
100 1# - MAIN ENTRY--PERSONAL NAME
Personal name Robbins, Stephen P.,
Dates associated with a name 1943-
240 ## - UNIFORM TITLE
Uniform title Organizational behavior, concepts, controversies, applications.
Language of a work Español
245 10 - TITLE STATEMENT
Title Comportamiento Organizacional
Statement of responsibility, etc / Stephen P. Robbins ; traducción Alberto Santiago Fernández Molina ; revisión técnica Othón Juárez Hernández.
250 ## - EDITION STATEMENT
Edition statement 4a ed.
260 ## - PUBLICATION, DISTRIBUTION, ETC. (IMPRINT)
Place of publication, distribution, etc México :
Name of publisher, distributor, etc Prentice Hall Hispanoamericana :
-- Pearson Educación,
Date of publication, distribution, etc 1999
300 ## - PHYSICAL DESCRIPTION
Extent xxi, 675 p. :
Other physical details il. ;
Dimensions 26 cm.
504 ## - BIBLIOGRAPHY, ETC. NOTE
Linkage Incluye apéndice, índice y notas finales
650 #7 - SUBJECT ADDED ENTRY--TOPICAL TERM
Source of heading or term lemb
Topical term or geographic name as entry element Comportamiento organizacional
General subdivision Organización
-- Gestión industrial
650 #7 - SUBJECT ADDED ENTRY--TOPICAL TERM
Source of heading or term lemb
Topical term or geographic name as entry element Organización
General subdivision Cultura corporativa
-- Administración
700 1# - ADDED ENTRY--PERSONAL NAME
Personal name Fernández Molina, Alberto Santiago
Relator term traductor
700 1# - ADDED ENTRY--PERSONAL NAME
Personal name Juárez Hernández, Othon
Relator term revisor técnico
942 ## - ADDED ENTRY ELEMENTS (KOHA)
Source of classification or shelving scheme Biblioteca del Cogreso de los Estados Unidos
Koha item type Libro
Holdings
Estado de pérdida Fuente de clasificación Estado del daño No para préstamo Ubicación permanente Ubicación actual Apartado o colección Fecha de adquisición Edición Enumeración de Serie / Cronológica Área del conocimiento Clasificación Código de Barras Date last seen Número de copia Tipo de recurso Fuente de adquisición Dependencia de educación superior (DES) Costo por reposición Nota pública Total Checkouts
  Biblioteca del Cogreso de los Estados Unidos   Uso interno Biblioteca Biblioteca de la Facultad de Economía Biblioteca de la Facultad de Economía General 26/02/2026 4a ed. Ciencias Sociales y Administrativas HD58.7 R63 1999 BFE000014667 16/05/2017 1 Libro Unidad Académica Ciencias Económico Administrativas 1.00 traducido de la 8a ed. en inglés a la 4a ed. en español  
  Biblioteca del Cogreso de los Estados Unidos     Biblioteca de la Facultad de Economía Biblioteca de la Facultad de Economía General 26/02/2026 4a ed. Ciencias Sociales y Administrativas HD58.7 R63 1999 BFE000014668 16/05/2017 2 Libro Unidad Académica Ciencias Económico Administrativas 1.00 traducido de la 8a ed. en inglés a la 4a ed. en español  
  Biblioteca del Cogreso de los Estados Unidos   Primer ejemplar Biblioteca de la Facultad de Ingeniería Mecánica Biblioteca de la Facultad de Ingeniería Mecánica General 11/06/2025 7a ed.   Ciencias Sociales y Administrativas HD58.9 R63 1996 BIM000000110 11/06/2025 1 Libro     1.00    
  Biblioteca del Cogreso de los Estados Unidos     Biblioteca de la Facultad de Ingeniería Mecánica Biblioteca de la Facultad de Ingeniería Mecánica General 11/06/2025 7a ed.   Ciencias Sociales y Administrativas HD58.9 R63 1996 BIM000000109 11/06/2025 2 Libro     1.00    
  Biblioteca del Cogreso de los Estados Unidos     Biblioteca de la Unidad de Ciencias Ingeniería y Humanidades Biblioteca de la Unidad de Ciencias Ingeniería y Humanidades General 23/03/2012 8a. ed. BCU000000063 Ciencias Sociales y Administrativas HD58.7 R63 1999 BCU000000063 16/01/2015 C:1 Libro